Responses for show #7161 - Monday, November 2, 2015

Contestants

Marcus Lewis, a tutor from Brooklyn, New York

Christine Qualey, a retired teacher from Abington, Massachusetts

Katie Walker, a biomedical science teacher from Chapel Hill, North Carolina (whose 1-day cash winnings total $5,000)

Jeopardy! Round responses

ORDERS OF MAMMALS
DOUBLE LETTER 6-LETTER WORDS
SPORTS IN LITERATURE
MINT CONDITION
TALKING GEOGRAPHY
MAIL CALL
    $200 25
rabbits

Christine
    $200 1
bellow

Christine
    $200 16
mojito

Marcus
    $200 14
bay

Marcus
    $200 9
snail mail

Christine
    $400 26
teeth

Katie
    $400 2
hammer

Katie
    $400 24
(Alex: You are correct, with less than a minute to go now.)

hockey

Christine
    $400 17
Mentos

Marcus
    $400 21
a glacier

Christine
    $400 10
Yes, Virginia, there is a Santa Claus

Christine
    $600 27
lay eggs

Christine
    $600 3
raffle

Marcus
    $600 6
a jockey

Christine
    $600 18
mint julep

Christine
    $600 15
(Katie: What is the Prime Meridian?)

sea level

KatieMarcus
    $600 11
[Christine gave both listed responses.]

AOL (America Online)

Christine
    $800 28
(Christine: What are butterflies?)

bats

Christine
Triple Stumper
    $800 4
horror

Marcus
    $800 7
the Aeneid

Katie
    $800 19
(Katie: Who is Persephone?)

Hades (or Pluto)

KatieMarcus
    $800 22
temperate

Christine
    $800 12
Jack the Ripper

Katie
    $1,300 29
(Alex: Christine?)
(Christine: What is the duck-billed platypus?)
[The end-of-round signal sounds.]

the elephant

Christine
    $1000 5
(Christine: What is alliteration?)
...
(Alex: Bunker, fairway--we're talking about golf, and the word we're looking for is a [*].)

duffer

Christine
Triple Stumper
    $1000 8
Jim Bouten

Triple Stumper
    $1000 20
itch

Christine
    $1000 23
exurbs

Katie
    $1000 13
John Du Pont

Triple Stumper

Scores at the first commercial break (after clue 15):

Katie Christine Marcus
$1,400 $1,000 $2,200

Scores at the end of the Jeopardy! Round:

Katie Christine Marcus
$2,000 $2,900 $3,600

Double Jeopardy! Round responses

AESOP ASAP
GIMME 5
FAMOUS SHOPPING STREETS
THE BRITISH MONARCH WHO...
MOVIE HEAVEN
IT'S "PARA"DISE
    $400 11
"The Turtle and the Hare"

Katie
    $400 26
the 5-second rule

Christine
    $400 21
Beverly Hills

Christine
    $400 16
James I

Marcus
    $400 8
Jerusalem

Marcus
    $400 1
a parable

Christine
    $800 12
the Prado

Christine
    $800 22
Atlanta

Katie
    $800 17
Victoria

Marcus
    $800 6
Platoon

Marcus
    $800 2
a parasite

Marcus
    $1200 13
Delphi

Christine
    $1200 27
Honus Wagner

Triple Stumper
    $1200 23
(Alex: With less than a minute to go now.)

London

Christine
    $1200 18
(Christine: Who is Richard III?)
(Marcus: Who is Richard II?)

King John

ChristineMarcus
Triple Stumper
    $1200 3
Heaven Is for Real

Katie
    $1200 4
Paraguay

Katie
    $1600 14
a fox

Katie
    $1600 28
Russia

Marcus
    $1600 24
Boston

Christine
    $3,000 19
William I (William the Conqueror)

Marcus
    $1600 7
Heaven's Gate

Marcus
    $1600 5
(Christine: What is paradigm shift?)
(Marcus: What is the [*] view?)
(Alex: [*]... yes, we'll accept that.)

parallax

ChristineMarcus
    $1,000 15
(Katie: Who is King Solomon?)
(Alex: No. Who is King [*]? You've heard the expression "rich as [*]".)

Croesus

Katie
    $2000 29
[The end-of-round signal sounds.]

ether

Triple Stumper
    $2000 25
Mexico City

Triple Stumper
    $2000 20
Alfred the Great

Triple Stumper
    $2000 9
Bruce Almighty

Marcus
    $2000 10
a parabola

Katie

Scores at the end of the Double Jeopardy! Round:

Katie Christine Marcus
$8,200 $6,100 $15,400

[wagering suggestions for these scores]

Final Jeopardy! Round responses

WORLD GEOGRAPHY
(Alex: [To Christine] That's where you'll find Mount Everest.)
ChristineWhat is Nepal?
$3,900
KatieWhat is Nepal?
$4,100
MarcusWhat is Tibet?
$1,001
Nepal

Final scores:

Katie Christine Marcus
$12,300 $10,000 $14,399
2nd place: $2,000 3rd place: $1,000 New champion: $14,399

Game dynamics:

Coryat scores:

Katie Christine Marcus
$9,200 $7,400 $14,000
11 R,
3 W
(including 1 DD)
19 R,
5 W
(including 1 DD)
17 R
(including 1 DD),
1 W

Combined Coryat: $30,600

The J! Archive is created by fans, for fans. The Jeopardy! game show and all elements thereof, including but not limited to copyright and trademark thereto, are the property of Jeopardy Productions, Inc. and are protected under law. This website is not affiliated with, sponsored by, or operated by Jeopardy Productions, Inc. Join the discussion at JBoard.tv.